Modelování konkurence v síťové ekonomice
Základný teoretický rámec konkurencie v sieťach. Modelové nástroje pre analýzu sieťovej konkurencie - modely teórie hier, modely oligopolov, modely vyjednávania. Model konkurencie a regulácie. Regulácia poplatkov za prístup. Konkurencia v poplatkoch za prístup. Model konkurencie a integrácie. Vyjedn...
Gespeichert in:
| 1. Verfasser: | |
|---|---|
| Format: | Buchkapitel |
| Sprache: | Tschechisch |
| Schlagworte: | |
| Tags: |
Keine Tags, Fügen Sie das erste Tag hinzu!
|
MARC
| LEADER | 00000nla a2200000 4500 | ||
|---|---|---|---|
| 001 | 0226962 | ||
| 005 | 20240417075111.2 | ||
| 041 | 0 | |a cze | |
| 044 | |a CZ | ||
| 245 | 1 | 0 | |a Modelování konkurence v síťové ekonomice |c Petr Fiala |
| 520 | |a Základný teoretický rámec konkurencie v sieťach. Modelové nástroje pre analýzu sieťovej konkurencie - modely teórie hier, modely oligopolov, modely vyjednávania. Model konkurencie a regulácie. Regulácia poplatkov za prístup. Konkurencia v poplatkoch za prístup. Model konkurencie a integrácie. Vyjednávanie dodávateľov o dodávateľských cenách. | ||
| 610 | 2 | 0 | |a konkurencia |
| 610 | 2 | 0 | |a integrácia |
| 610 | 2 | 0 | |a regulácia |
| 610 | 2 | 0 | |a siete obchodné |
| 610 | 2 | 0 | |a modely |
| 610 | 2 | 0 | |a modelovanie |
| 610 | 2 | 0 | |a ekonomika sieťová |
| 100 | 1 | |a Fiala, Petr | |